Výroba ekologického stavebného materiálu - Chladiaceho dreva

Salvato in:
Dettagli Bibliografici
Autore principale: Tinák, Adrian (Autore)
Altri autori: Wachter, Igor (Relatore della tesi)
Natura: Manoscritto Libro
Lingua:slovacco
Pubblicazione: 2024
Soggetti:
Accesso online:http://is.stuba.sk/zp/portal_zp.pl?podrobnosti=178049
Tags: Aggiungi Tag
Nessun Tag, puoi essere il primo ad aggiungerne!!

MARC

LEADER 00000ntm a22000003a 4500
001 stuzp99071
003 SK-STU
005 20240608212852.0
007 ta
008 150427s2015----xo-----f-mn---000-0-slo-d
040 |a STU  |b slo 
041 0 |a slo 
100 1 |a Tinák, Adrian  |u 065000  |4 aut  |U MTF Materiálovotechnologická fakulta  |T MTF Ústav integrovanej bezpečnosti  |X 122324  |U M5000  |Y 85  |7 122324 
242 0 1 |a Production of Eco-firnedly building material - Cooling wood  |y eng 
245 1 0 |a Výroba ekologického stavebného materiálu - Chladiaceho dreva 
260 |c 2024 
650 4 |a Chladiace drevo  |2 slo 
650 4 |a drevo  |2 slo 
650 4 |a výroba chladiaceho dreva  |2 slo 
650 4 |a sušenie H2O silikagélom  |2 slo 
650 4 |a sušenie na vzduchu  |2 slo 
650 4 |a sušenie acetónu a metanolu v exsikátore  |2 slo 
650 4 |a Cooling wood  |2 eng 
650 4 |a wood  |2 eng 
650 4 |a production of cooling wood  |2 eng 
650 4 |a H2O silica gel drying  |2 eng 
650 4 |a air drying  |2 eng 
650 4 |a acetone and methanol drying in a desiccator  |2 eng 
700 1 |a Wachter, Igor  |u 065000  |k Z2  |4 ths  |U MTF Materiálovotechnologická fakulta  |T MTF Ústav integrovanej bezpečnosti  |X 66051  |U M5000  |Y 85  |7 A000066051 
856 4 |u http://is.stuba.sk/zp/portal_zp.pl?podrobnosti=178049 
996 |c M* DP-15443  |l MMSKP  |s P  |a 0  |w stuzp99071_0001